000 004400000a22001450004500
041 0 _aSPA
082 0 4 _aG 901 T7564f
100 1 _aToynbee, Arnold J. (Joseph) (1889-1975)
245 1 0 _aEstudio de la historia / Arnold J. Toynbee ; Compendio de D. C. Somervell ; Luis Grasset, Traductor
250 _a2
260 _aMadrid, España : Alianza
500 _aTítulo original : A study of history, Abridgement
001 11569
942 _cBK
999 _c40817
_d40817